Aeropuerto Internacional de Cascajal
Zapisane w:
| 1. autor: | |
|---|---|
| Kolejni autorzy: | |
| Format: | Nieznany |
| Język: | Spanish |
| Wydane: |
[San José], Costa Rica,
2012
|
| Hasła przedmiotowe: | |
| Dostęp online: | https://cedi.ucr.ac.cr/arquitectura/aeropuerto-internacional-de-cascajal/ |
| Etykiety: |
Dodaj etykietę
Nie ma etykietki, Dołącz pierwszą etykiete!
|
MARC
| LEADER | 00000 a2200000 4500 | ||
|---|---|---|---|
| 003 | EA0023 | ||
| 005 | 20230613162246.0 | ||
| 008 | 140114s2012 cr a 000 ||spa d | ||
| 040 | |c cru CEDI | ||
| 090 | |a TFG EA-023 | ||
| 100 | |a Pérez Monge, Luis Alonso |9 19951 | ||
| 245 | |a Aeropuerto Internacional de Cascajal | ||
| 260 | |a [San José], Costa Rica, |c 2012 | ||
| 500 | |a Proyecto de graduación (licenciatura en arquitectura)--Universidad de Costa Rica. Facultad de Ingeniería Escuela de Arquitectura, | ||
| 501 | |a Director de Proyecto de Graduación: Mag. Arq. Rudy Piedra Mena | ||
| 650 | |x AEROPUERTOS - CASCAJAL (OROTINA, COSTA RICA) - DISEÑO |x ARQUITECTURA DE AEROPUERTOS - DISEÑOS Y PLANOS |x DISEÑO ARQUITECTONICO |9 19952 | ||
| 700 | |9 80 |a Piedra Mena, Rudy, 1960- |d Director del TFG | ||
| 856 | |u https://cedi.ucr.ac.cr/arquitectura/aeropuerto-internacional-de-cascajal/ |y https://cedi.ucr.ac.cr/arquitectura/aeropuerto-internacional-de-cascajal/ | ||
| 942 | |c CEDI |2 ddc | ||
| 999 | |c 12964 |d 12964 | ||
